000 00831nam a22002537a 4500
001 BR7308290
003 BR-BrBNA
005 20230928084144.0
007 ta
008 230509b bl.||||| |||| 00| 0 por d
040 _aBR-BrBNA
_bpor
_cBiblioteca Nacional de Agricultura
041 _a(Por)
072 _aE50; C00
_b/G514
090 _ E50 BR7308290
110 1 _aAssociacao de Credito e Assistencia Rural do Estado do Para, Belem (Brasil)
_9493
245 1 _aPlano de promocao e organizacao da juventude. Projeto para os municipios de Santa Isabel do Para e Castanhal [Assistencia social; Brasil]
_bConvenio FNBEM/UNICEF/ABCAR
260 3 _aBelem, PA (Brasil):
_c1973.
300 _a14 p.
500 _a6 ref.
650 _aASSISTENCIA SOCIAL
650 _aPARA
909 _a202309
_bLucia
_c55
_dLucia Elande
942 _cBK
999 _c17183
_d17183